000 00445nmm a2200169Ia 4500
008 251105s9999||||xx |||||||||||||||||und||
020 _a9788492616268
041 _aspa
100 _aZavala, Iris. M
245 0 _aDora
264 _a[Madrid, España] :
_bMontesinos,
_c2009
300 _a256 páginas
490 _aNarrativa
650 _aLatin American narrative
856 _uhttps://public.digitaliapublishing.com/a/24379
942 _cCF
999 _c88948
_d88948